[Event "CZE-chT2D 1213"]
[Site "Czech Republic"]
[Date "2012.10.14"]
[Round "1.1"]
[White "Valenta, Vit"]
[Black "Simek, Jan"]
[Result "1-0"]
[WhiteElo "2169"]
[BlackElo "2192"]
[PlyCount "197"]
[EventDate "2012.10.14"]
[EventType "team-tourn"]
[EventRounds "11"]
[EventCountry "CZE"]
[SourceTitle "EXT 2016"]
[Source "ChessBase"]
[SourceDate "2015.10.08"]
[SourceVersion "1"]
[SourceVersionDate "2015.10.08"]
[SourceQuality "1"]
[WhiteTeam "Sumperk"]
[BlackTeam "Ceska Trebova"]
[WhiteTeamCountry "CZE"]
[BlackTeamCountry "CZE"]

1. b4 c6 2. c4 d5 3. e3 e5 4. Bb2 Bd6 5. Nf3 Nd7 6. cxd5 cxd5 7. Qa4 Qe7 8. Nc3 Ngf6 9. Nb5 Bb8 10. Rc1 0-0 11. Nc7 Nb6 12. Qc2 Bxc7 13. Qxc7 Qxc7 14. Rxc7 Ne8 15. Rc1 f6 16. Be2 Be6 17. 0-0 Nd6 18. d3 Rfc8 19. Nd2 Na4 20. Ba1 Nb5 21. Nb1 a6 22. d4 e4 23. f3 f5 24. h3 Bd7 25. Rxc8+ Rxc8 26. Bd1 Nbc3 27. Bb3 Bb5 28. Re1 Bc4 29. Bxa4 Nxa4 30. Rc1 exf3 31. gxf3 Re8 32. Kf2 Bxa2 33. Nd2 Nb6 34. Rc7 Rc8 35. Rxb7 Na4 36. Ra7 Rc2 37. Rxa6 Rxd2+ 38. Ke1 Rh2 39. Rxa4 Rh1+ 40. Kf2 Rxa1 41. b5 Kf7 42. b6 Rb1 43. Rxa2 Rxb6 44. Ra7+ Kf6 45. Rd7 f4 46. exf4 Rb4 47. Rxd5 Ke6 48. Re5+ Kf6 49. Ke3 Rb1 50. d5 Rd1 51. Ke4 g6 52. Re6+ Kf7 53. Ra6 h5 54. d6 Ke6 55. d7+ Kf7 56. f5 gxf5+ 57. Kxf5 Rxd7 58. Rf6+ Kg7 59. Kg5 Rd1 60. Rf5 Rg1+ 61. Kxh5 Kh7 62. Rg5 Rf1 63. Kg4 Rg1+ 64. Kf5 Rh1 65. Rg3 Ra1 66. f4 Ra5+ 67. Kg4 Kg6 68. Rb3 Ra6 69. h4 Rc6 70. Rb5 Ra6 71. Rg5+ Kf6 72. Rh5 Kg6 73. f5+ Kg7 74. Rg5+ Kf7 75. Rh5 Ra1 76. Rh7+ Kf6 77. Rh6+ Kf7 78. Rb6 Rg1+ 79. Kh5 Rf1 80. Kg5 Rg1+ 81. Kh6 Rf1 82. Rb5 Rg1 83. h5 Rg2 84. Rb6 Rh2 85. Kg5 Rg2+ 86. Kf4 Rf2+ 87. Ke4 Rf1 88. h6 Re1+ 89. Kd3 Re5 90. Rb7+ Kf6 91. Rb8 Re7 92. Rf8+ Kg5 93. f6 Rd7+ 94. Ke4 Kg6 95. Ke5 Rd1 96. Rg8+ Kh7 97. f7 Re1+ 98. Kd4 Rd1+ 99. Ke3 1-0

[Event "CZE-chT2D 1011"]
[Site "Czech Republic"]
[Date "2011.02.20"]
[Round "8"]
[White "Simek, Jan"]
[Black "Mudra, Tomas"]
[Result "1-0"]
[WhiteElo "2150"]
[BlackElo "2182"]
[PlyCount "51"]
[EventDate "2010.10.17"]
[EventType "team-tourn"]
[EventRounds "11"]
[EventCountry "CZE"]
[SourceTitle "EXT 2012"]
[Source "ChessBase"]
[SourceDate "2011.11.24"]
[SourceVersion "1"]
[SourceVersionDate "2011.11.24"]
[SourceQuality "1"]
[WhiteTeam "Usti nad Orlici"]
[BlackTeam "Brno Duras II"]
[WhiteTeamCountry "CZE"]
[BlackTeamCountry "CZE"]

1. e4 c5 2. Nf3 d6 3. c3 g6 4. d4 b6 5. dxc5 dxc5 6. Qxd8+ Kxd8 7. Bf4 f6 8. Na3 Nd7 9. 0-0-0 Bh6 10. Bxh6 Nxh6 11. Bc4 a6 12. Be6 Kc7 13. Nc4 Nf8 14. Bxc8 Rxc8 15. Ne3 e6 16. e5 Nd7 17. Nc4 Rcd8 18. exf6 Nxf6 19. Ng5 Rxd1+ 20. Rxd1 Nf5 21. Nxe6+ Kc6 22. Ne5+ Kb7 23. g4 Nh4 24. g5 Ne4 25. Rd7+ Ka8 26. Nc6 1-0

[Event "CZE-chT2D 1011"]
[Site "Czech Republic"]
[Date "2010.10.17"]
[Round "1"]
[White "Jedlicka, Ales"]
[Black "Simek, Jan"]
[Result "1-0"]
[WhiteElo "2279"]
[BlackElo "2150"]
[PlyCount "93"]
[EventDate "2010.10.17"]
[EventType "team-tourn"]
[EventRounds "11"]
[EventCountry "CZE"]
[SourceTitle "EXT 2012"]
[Source "ChessBase"]
[SourceDate "2011.11.24"]
[SourceVersion "1"]
[SourceVersionDate "2011.11.24"]
[SourceQuality "1"]
[WhiteTeam "Polabiny II"]
[BlackTeam "Usti nad Orlici"]
[WhiteTeamCountry "CZE"]
[BlackTeamCountry "CZE"]

1. d4 Nf6 2. c4 e6 3. Nf3 Bb4+ 4. Bd2 Qe7 5. g3 b6 6. Bg2 Bb7 7. 0-0 Bxd2 8. Qxd2 0-0 9. Nc3 d6 10. d5 e5 11. e4 Nbd7 12. Nh4 g6 13. Rae1 a6 14. f4 exf4 15. gxf4 Nxd5 16. Nxg6 hxg6 17. cxd5 f6 18. Bh3 Kg7 19. Rf3 Rh8 20. Be6 Nc5 21. f5 g5 22. b4 Nd7 23. Bxd7 Qxd7 24. Ne2 Qe8 25. Nd4 Bc8 26. Rc3 Ra7 27. Qc2 c5 28. dxc6 Qe5 29. Nf3 Qf4 30. Qd2 Qxd2 31. Nxd2 b5 32. Nf1 a5 33. Ra3 a4 34. Rd1 Rh4 35. Ng3 Kf8 36. Rxd6 Ke7 37. Rd5 Rc7 38. Rc3 Ba6 39. Rcc5 Rh8 40. e5 fxe5 41. Rxe5+ Kf7 42. Ne4 Rh4 43. Nd6+ Kf8 44. f6 Rg4+ 45. Kh1 Kg8 46. Re8+ Kh7 47. Re7+ 1-0

[Event "CZE-chT2E 0910"]
[Site "Czech Republic"]
[Date "2010.03.14"]
[Round "9.1"]
[White "Docekal, Jan"]
[Black "Simek, Jan"]
[Result "1-0"]
[WhiteElo "2261"]
[BlackElo "2192"]
[PlyCount "119"]
[EventDate "2009.10.18"]
[EventType "team-tourn"]
[EventRounds "11"]
[EventCountry "CZE"]
[SourceTitle "EXT 2012"]
[Source "ChessBase"]
[SourceDate "2011.11.24"]
[SourceVersion "1"]
[SourceVersionDate "2011.11.24"]
[SourceQuality "1"]
[WhiteTeam "Znojmo"]
[BlackTeam "Brno Lokomotiva"]
[WhiteTeamCountry "CZE"]
[BlackTeamCountry "CZE"]

1. e4 c5 2. Nf3 Nc6 3. d4 cxd4 4. Nxd4 Nf6 5. Nc3 e6 6. Ndb5 d6 7. Bf4 e5 8. Bg5 a6 9. Na3 b5 10. Nd5 Be7 11. Bxf6 Bxf6 12. h4 Be6 13. g3 Nd4 14. c3 Bxd5 15. exd5 Qa5 16. Bg2 0-0 17. Qd3 Rfc8 18. Be4 b4 19. Nc4 Nc2+ 20. Ke2 Qc5 21. Rac1 Qxc4 22. Bxh7+ Kf8 23. Qxc4 Rxc4 24. Bxc2 bxc3 25. Bb3 Re4+ 26. Kf3 Rd4 27. bxc3 Rd2 28. Ke3 Rb2 29. Rb1 Rxb1 30. Rxb1 Rb8 31. Kd3 Bd8 32. f3 Ke7 33. Re1 Kd7 34. Re4 Bb6 35. Rb4 Kc7 36. h5 f5 37. g4 Rf8 38. g5 Bf2 39. Bc4 Ra8 40. Rb2 Bg3 41. Rg2 Bf4 42. Kc2 Rh8 43. h6 gxh6 44. g6 e4 45. fxe4 fxe4 46. Rg4 Be5 47. Rxe4 h5 48. g7 Ra8 49. Rxe5 dxe5 50. d6+ Kxd6 51. g8Q Rxg8 52. Bxg8 h4 53. Bh7 Ke6 54. Kd3 h3 55. Be4 h2 56. Kc4 Kd6 57. Bh1 Ke6 58. Kc5 Kf5 59. Kd5 Kf4 60. c4 1-0

[Event "CZE-chT2E 0910"]
[Site "Czech Republic"]
[Date "2010.01.17"]
[Round "5.1"]
[White "Simek, Jan"]
[Black "Pala, Vladimir"]
[Result "0-1"]
[WhiteElo "2192"]
[BlackElo "2345"]
[PlyCount "146"]
[EventDate "2009.10.18"]
[EventType "team-tourn"]
[EventRounds "11"]
[EventCountry "CZE"]
[SourceTitle "EXT 2012"]
[Source "ChessBase"]
[SourceDate "2011.11.24"]
[SourceVersion "1"]
[SourceVersionDate "2011.11.24"]
[SourceQuality "1"]
[WhiteTeam "Brno Lokomotiva"]
[BlackTeam "Prostejov"]
[WhiteTeamCountry "CZE"]
[BlackTeamCountry "CZE"]

1. e4 e6 2. d4 d5 3. Nd2 a6 4. Bd3 c5 5. c3 cxd4 6. cxd4 Nc6 7. Ne2 dxe4 8. Nxe4 Bb4+ 9. N4c3 Nf6 10. 0-0 0-0 11. Bg5 Be7 12. Rc1 Nb4 13. Bb1 Bd7 14. a3 Nbd5 15. Qd3 g6 16. Ba2 Bc6 17. Rfd1 Rc8 18. Qh3 Nxc3 19. Nxc3 Nd5 20. Bxe7 Nxe7 21. Qg4 Kg7 22. Re1 Qb6 23. b4 Rcd8 24. Rcd1 a5 25. b5 Bd5 26. Bb1 Bb3 27. Rd2 Nd5 28. Ne4 a4 29. Nc5 Qxb5 30. Rde2 Nf6 31. Qf4 b6 32. Bd3 Qc6 33. Be4 Qd6 34. Qxd6 Rxd6 35. Nxb3 axb3 36. Bf3 Rc8 37. Rb2 Rc3 38. Reb1 Rxd4 39. Rxb3 Rxb3 40. Rxb3 Rd6 41. Kf1 Nd7 42. Ke2 Nc5 43. Rb1 e5 44. Ba8 f5 45. g3 Kf6 46. Rb2 g5 47. Rb1 g4 48. h3 h5 49. hxg4 hxg4 50. Rh1 e4 51. Rh8 Ke5 52. Re8+ Ne6 53. Bb7 Rd8 54. Re7 Kd6 55. Rf7 Rd7 56. Rxd7+ Kxd7 57. Ke3 Kd6 58. Bxe4 fxe4 59. Kxe4 Nc5+ 60. Kf4 Nd3+ 61. Kxg4 Nxf2+ 62. Kf3 Nh3 63. Ke3 Kc5 64. Kd3 Nf2+ 65. Kc2 Kc4 66. Kb2 Ng4 67. Kc2 b5 68. Kb2 Ne3 69. a4 b4 70. Ka2 b3+ 71. Kb2 Kb4 72. g4 Nc4+ 73. Kb1 Kc3 0-1

[Event "CZE-chT2E 0910"]
[Site "Czech Republic"]
[Date "2009.10.18"]
[Round "1.1"]
[White "Simek, Jan"]
[Black "Tikovsky, Alexander"]
[Result "0-1"]
[WhiteElo "2192"]
[BlackElo "2215"]
[PlyCount "70"]
[EventDate "2009.10.18"]
[EventType "team-tourn"]
[EventRounds "11"]
[EventCountry "CZE"]
[SourceTitle "EXT 2012"]
[Source "ChessBase"]
[SourceDate "2011.11.24"]
[SourceVersion "1"]
[SourceVersionDate "2011.11.24"]
[SourceQuality "1"]
[WhiteTeam "Brno Lokomotiva"]
[BlackTeam "Brno 64"]
[WhiteTeamCountry "CZE"]
[BlackTeamCountry "CZE"]

1. e4 g6 2. d4 Bg7 3. Nc3 d6 4. Be3 a6 5. Nf3 b5 6. Bd3 Bb7 7. 0-0 Nf6 8. e5 Nd5 9. Nxd5 Bxd5 10. a4 b4 11. c4 Bb7 12. e6 fxe6 13. Ng5 Bf6 14. Nxe6 Qd7 15. Qg4 Kf7 16. d5 Bc8 17. f4 Qe8 18. f5 Bxe6 19. fxg6+ Kg7 20. dxe6 hxg6 21. Bg5 Nc6 22. Rxf6 Ne5 23. Rf7+ Qxf7 24. Qe4 Qxe6 25. Bf4 Raf8 26. Re1 Rxf4 27. Qxf4 Nxd3 28. Rxe6 Nxf4 29. Rxe7+ Kf6 30. Rxc7 Ra8 31. Rc6 Ke5 32. a5 Nd3 33. h3 Nc5 34. Rb6 Nb3 35. Rxb4 Nxa5 0-1

[Event "CZE-chT2E 0809"]
[Site "Czech Republic"]
[Date "2009.02.08"]
[Round "8.3"]
[White "Obsivac, Josef"]
[Black "Simek, Jan"]
[Result "1-0"]
[WhiteElo "2321"]
[BlackElo "2141"]
[PlyCount "71"]
[EventDate "2008.10.12"]
[EventType "team-tourn"]
[EventRounds "11"]
[EventCountry "CZE"]
[SourceTitle "EXT 2010"]
[Source "ChessBase"]
[SourceDate "2010.11.25"]
[SourceVersion "1"]
[SourceVersionDate "2010.11.25"]
[SourceQuality "1"]
[WhiteTeam "Grygov II"]
[BlackTeam "Brno Lokomotiva II"]
[WhiteTeamCountry "CZE"]
[BlackTeamCountry "CZE"]

1. d4 Nf6 2. c4 e6 3. Nc3 Bb4 4. Qb3 Qe7 5. a3 Ba5 6. Qc2 Bxc3+ 7. Qxc3 d6 8. Nf3 Nbd7 9. g3 b6 10. Bh3 Bb7 11. 0-0 0-0 12. b4 Ne4 13. Qe3 f5 14. Ne1 h6 15. f3 Ng5 16. Bg2 e5 17. dxe5 dxe5 18. Nd3 Rae8 19. Bb2 e4 20. Nf4 Qf7 21. Qc3 Nf6 22. Rad1 Rd8 23. Rxd8 Rxd8 24. Qe5 Qd7 25. h4 Re8 26. Qc3 Ne6 27. Ng6 Nf8 28. Ne5 Qe6 29. Rd1 Kh7 30. Bh3 Ng6 31. f4 Nxe5 32. Qxe5 Qxc4 33. Qxf5+ Kg8 34. Bxf6 Qxe2 35. Rd7 Qe3+ 36. Kh2 1-0

[Event "CZE-chT2E 0809"]
[Site "Czech Republic"]
[Date "2009.01.25"]
[Round "7.4"]
[White "Zavadil, Michal"]
[Black "Simek, Jan"]
[Result "0-1"]
[WhiteElo "2062"]
[BlackElo "2141"]
[PlyCount "62"]
[EventDate "2008.10.12"]
[EventType "team-tourn"]
[EventRounds "11"]
[EventCountry "CZE"]
[SourceTitle "EXT 2010"]
[Source "ChessBase"]
[SourceDate "2010.11.25"]
[SourceVersion "1"]
[SourceVersionDate "2010.11.25"]
[SourceQuality "1"]
[WhiteTeam "Brno Duras III"]
[BlackTeam "Brno Lokomotiva II"]
[WhiteTeamCountry "CZE"]
[BlackTeamCountry "CZE"]

1. d4 Nf6 2. c4 e6 3. Nc3 Bb4 4. e3 b6 5. Nge2 Bb7 6. a3 Bxc3+ 7. Nxc3 0-0 8. Bd3 d5 9. 0-0 Nbd7 10. f3 c5 11. cxd5 cxd4 12. exd4 Nxd5 13. Ne4 N7f6 14. Qe2 Qd7 15. Kh1 Rac8 16. Bg5 Ne8 17. Qf2 f5 18. Ng3 f4 19. Ne2 h6 20. Qh4 hxg5 21. Qh7+ Kf7 22. Qg6+ Ke7 23. Qxg5+ Rf6 24. Rac1 Rxc1 25. Rxc1 Kf8 26. Qh4 Rh6 27. Qg4 Nef6 28. Qg5 Rh5 29. Qg6 Ne7 30. Nxf4 Nxg6 31. Bxg6 Ra5 0-1

[Event "CZE-chT2E 0809"]
[Site "Czech Republic"]
[Date "2009.01.11"]
[Round "6.4"]
[White "Simek, Jan"]
[Black "Mayer, Josef"]
[Result "1-0"]
[WhiteElo "2141"]
[BlackElo "2102"]
[PlyCount "77"]
[EventDate "2008.10.12"]
[EventType "team-tourn"]
[EventRounds "11"]
[EventCountry "CZE"]
[SourceTitle "EXT 2010"]
[Source "ChessBase"]
[SourceDate "2010.11.25"]
[SourceVersion "1"]
[SourceVersionDate "2010.11.25"]
[SourceQuality "1"]
[WhiteTeam "Brno Lokomotiva II"]
[BlackTeam "Postorna"]
[WhiteTeamCountry "CZE"]
[BlackTeamCountry "CZE"]

1. e4 g6 2. d4 Bg7 3. Nc3 d6 4. Be3 Nf6 5. Qd2 0-0 6. Bh6 e5 7. Bxg7 Kxg7 8. d5 Nbd7 9. 0-0-0 Ng8 10. h4 f5 11. exf5 gxf5 12. f4 a6 13. Nf3 Qf6 14. Be2 Qh6 15. Ng5 Ndf6 16. fxe5 dxe5 17. Qe3 Re8 18. Qc5 Re7 19. Kb1 Ne8 20. g4 Qd6 21. Qf2 f4 22. Nce4 Qb4 23. a3 Qa5 24. d6 cxd6 25. Nxd6 Nxd6 26. Rxd6 Nf6 27. h5 h6 28. Rxf6 Kxf6 29. Ne4+ Kg7 30. Qh4 Rf7 31. g5 Be6 32. g6 Bd5 33. gxf7 Bxe4 34. f8Q+ Kxf8 35. Qf6+ Ke8 36. Rg1 Bxc2+ 37. Ka1 Bb3 38. Qh8+ Kd7 39. Qxa8 1-0

[Event "Ceska Trebova op 2nd"]
[Site "Ceska Trebova"]
[Date "2006.09.02"]
[Round "9"]
[White "Praude, Renate"]
[Black "Simek, Jan"]
[Result "0-1"]
[WhiteElo "2109"]
[BlackElo "2009"]
[PlyCount "108"]
[EventDate "2006.08.26"]
[EventType "swiss"]
[EventRounds "9"]
[EventCountry "CZE"]
[SourceTitle "CBM 114 Extra"]
[Source "ChessBase"]
[SourceDate "2006.11.03"]
[SourceVersion "1"]
[SourceVersionDate "2006.11.03"]
[SourceQuality "1"]

1. e4 c5 2. Nf3 e6 3. d4 cxd4 4. Nxd4 a6 5. Nc3 Qc7 6. g3 Nf6 7. Bg2 Nc6 8. 0-0 Be7 9. Re1 d6 10. Nxc6 bxc6 11. e5 dxe5 12. Rxe5 0-0 13. Bf4 Qd7 14. Qf3 Nd5 15. Rd1 Bd6 16. Rh5 Bxf4 17. gxf4 Qc7 18. Rh4 Nxc3 19. Qxc3 Bb7 20. Be4 f5 21. Bg2 Rad8 22. Re1 c5 23. Bxb7 Qxb7 24. Rh3 Qd5 25. Rg3 Qd4 26. Rxe6 Rfe8 27. Qxd4 cxd4 28. Rxe8+ Rxe8 29. Kf1 Re4 30. Ra3 Re6 31. Rd3 Re4 32. b4 Kf7 33. Ra3 Re6 34. Ra5 Rc6 35. Rxf5+ Ke6 36. Rc5 Rxc5 37. bxc5 Kd5 38. Ke2 Kxc5 39. Kd3 g6 40. Ke4 Kc4 41. c3 a5 42. a4 Kxc3 43. h4 Kc2 44. Kxd4 Kb3 45. f5 gxf5 46. h5 Kxa4 47. Ke5 Kb5 48. Kxf5 a4 49. Kf6 a3 50. Kg7 a2 51. Kxh7 a1Q 52. h6 Qf6 53. f4 Kc6 54. f5 Kd7 0-1

[Event "Ceska Trebova op 2nd"]
[Site "Ceska Trebova"]
[Date "2006.08.30"]
[Round "6"]
[White "Simek, Jan"]
[Black "Vaculik, Martin"]
[Result "0-1"]
[WhiteElo "2009"]
[BlackElo "2272"]
[PlyCount "58"]
[EventDate "2006.08.26"]
[EventType "swiss"]
[EventRounds "9"]
[EventCountry "CZE"]
[SourceTitle "CBM 114 Extra"]
[Source "ChessBase"]
[SourceDate "2006.11.03"]
[SourceVersion "1"]
[SourceVersionDate "2006.11.03"]
[SourceQuality "1"]

1. e4 e6 2. d4 d5 3. Nd2 Nf6 4. e5 Nfd7 5. Bd3 c5 6. c3 Nc6 7. Ne2 cxd4 8. cxd4 f6 9. exf6 Qxf6 10. Nf3 h6 11. 0-0 Bd6 12. a3 0-0 13. Ng3 Rd8 14. Re1 Nf8 15. b4 a6 16. Bb2 Bd7 17. Ne5 Be8 18. Qd2 Ng6 19. Qe3 Nf4 20. Bc2 Rac8 21. Rac1 Bxe5 22. dxe5 Qg5 23. Bd4 Nxd4 24. Qxd4 Rc4 25. Qb2 Rdc8 26. h4 Qxh4 27. Ne2 Bg6 28. Nxf4 Qxf4 29. g3 Qg5 0-1

[Event "Ceska Trebova op 2nd"]
[Site "Ceska Trebova"]
[Date "2006.08.27"]
[Round "2"]
[White "Simek, Jan"]
[Black "Likavsky, Tomas"]
[Result "0-1"]
[WhiteElo "2009"]
[BlackElo "2498"]
[PlyCount "68"]
[EventDate "2006.08.26"]
[EventType "swiss"]
[EventRounds "9"]
[EventCountry "CZE"]
[SourceTitle "CBM 114 Extra"]
[Source "ChessBase"]
[SourceDate "2006.11.03"]
[SourceVersion "1"]
[SourceVersionDate "2006.11.03"]
[SourceQuality "1"]

1. e4 c5 2. Nf3 d6 3. Bb5+ Nd7 4. d4 a6 5. Be2 cxd4 6. Qxd4 Ngf6 7. Nc3 e5 8. Qd1 b5 9. Bd3 Bb7 10. Qe2 Be7 11. a3 0-0 12. 0-0 Re8 13. Rd1 Qc7 14. Bg5 h6 15. Bh4 Nc5 16. Bxf6 Bxf6 17. Nd2 Rad8 18. Nf1 d5 19. Ng3 d4 20. Nb1 Na4 21. b3 Nb2 22. Rf1 Rc8 23. Ra2 Nxd3 24. Qxd3 g6 25. Qf3 Bg5 26. Qg4 Qd8 27. Rd1 h5 28. Qe2 Qb6 29. Nd2 Rc6 30. Nf3 Bh6 31. Rd3 Bc8 32. h4 Qc7 33. Kh2 Bg4 34. Nf1 Rc8 0-1

[Event "CZE-chT U18 0506"]
[Site "Czech Republic"]
[Date "2006.04.22"]
[Round "9.2"]
[White "Simek, Jan"]
[Black "Havlik, Jindrich"]
[Result "0-1"]
[WhiteElo "1928"]
[BlackElo "1828"]
[PlyCount "110"]
[EventDate "2005.10.08"]
[EventType "team"]
[EventRounds "11"]
[EventCountry "CZE"]
[SourceTitle "EXT 2009"]
[Source "ChessBase"]
[SourceDate "2008.11.26"]
[SourceVersion "1"]
[SourceVersionDate "2008.11.26"]
[SourceQuality "1"]
[WhiteTeam "Ceska Trebova"]
[BlackTeam "Plzen"]
[WhiteTeamCountry "CZE"]
[BlackTeamCountry "CZE"]

1. e4 e6 2. d4 d5 3. Nd2 Nf6 4. e5 Nfd7 5. Bd3 c5 6. c3 Nc6 7. Ne2 cxd4 8. cxd4 f6 9. exf6 Nxf6 10. Nf3 Bd6 11. 0-0 Qc7 12. Bg5 0-0 13. Bh4 Nh5 14. Qc2 h6 15. Bh7+ Kh8 16. Bg6 Rxf3 17. gxf3 Bxh2+ 18. Kh1 Nf4 19. Ng3 Qb6 20. Rac1 Bd7 21. Rfd1 Nxd4 22. Rxd4 Qxd4 23. Rd1 Qb6 24. Kxh2 Nxg6 25. Qxg6 Qxf2+ 26. Kh1 Qxf3+ 27. Kh2 Qf2+ 28. Kh1 d4 29. Qxg7+ Kxg7 30. Nh5+ Kg6 31. Bxf2 Kxh5 32. Bxd4 Rg8 33. Kh2 Bc6 34. Kh3 a6 35. Re1 Bd5 36. a3 Rg5 37. Re5 Rxe5 38. Bxe5 Kg5 39. Kg3 h5 40. Bc7 Kf5 41. Kh4 Bf3 42. Kg3 Ke4 43. Bb8 e5 44. Bc7 Bg4 45. Bb8 Kd4 46. Bc7 e4 47. Kf4 Kd3 48. Bb6 Bf3 49. Bf2 Kc2 50. Bd4 h4 51. Ke3 h3 52. Be5 Kd1 53. Bg3 Bg2 54. Kf2 Kd2 55. Bf4+ Kd3 0-1

[Event "CZE-chT U18 0506"]
[Site "Czech Republic"]
[Date "2006.04.21"]
[Round "8.2"]
[White "Rosenbaum, Vit"]
[Black "Simek, Jan"]
[Result "1/2-1/2"]
[WhiteElo "1582"]
[BlackElo "1928"]
[PlyCount "137"]
[EventDate "2005.10.08"]
[EventType "team"]
[EventRounds "11"]
[EventCountry "CZE"]
[SourceTitle "EXT 2009"]
[Source "ChessBase"]
[SourceDate "2008.11.26"]
[SourceVersion "1"]
[SourceVersionDate "2008.11.26"]
[SourceQuality "1"]
[WhiteTeam "Lysa nad Labem"]
[BlackTeam "Ceska Trebova"]
[WhiteTeamCountry "CZE"]
[BlackTeamCountry "CZE"]

1. e4 c5 2. c3 Nf6 3. e5 Nd5 4. d4 cxd4 5. cxd4 d6 6. exd6 Qxd6 7. Nc3 Nc6 8. Nf3 Bg4 9. Be2 e6 10. 0-0 Be7 11. Nb5 Qd8 12. Ne5 Bxe2 13. Qxe2 0-0 14. Nxc6 bxc6 15. Nc3 Bf6 16. Rd1 Rb8 17. Nxd5 cxd5 18. Be3 Qb6 19. b3 Rbc8 20. Qd2 Rc6 21. Rac1 Rfc8 22. Rxc6 Qxc6 23. Qa5 Qc2 24. Rf1 Qc7 25. Qa3 Be7 26. Qa4 Kf8 27. g3 Qc6 28. Qxc6 Rxc6 29. Rc1 Rxc1+ 30. Bxc1 Ke8 31. Kf1 Kd7 32. Ke2 Kc6 33. a4 Bd6 34. Kd3 h5 35. h3 f6 36. f4 g6 37. Bd2 a6 38. b4 Bf8 39. h4 Bg7 40. Bc3 Bh6 41. Bd2 Bf8 42. Be1 Be7 43. Bd2 Bd6 44. Bc3 Kb6 45. Kc2 Kb7 46. Kc1 Kc7 47. Kc2 Be7 48. Bd2 Bd6 49. Bc3 Kc6 50. Kd3 Bc7 51. Bb2 Bb8 52. Ba1 Bd6 53. Bc3 Kd7 54. Ke2 Ke7 55. Kf3 Kd7 56. Kf2 Kc6 57. Ke2 Be7 58. Bd2 Bf8 59. Be1 Bg7 60. Bc3 Bh6 61. Bd2 Bf8 62. Be1 Bd6 63. Bd2 Bf8 64. Be1 Bd6 65. Bc3 Kb6 66. Kd3 Be7 67. Bd2 Bf8 68. Be1 f5 69. Bc3 1/2-1/2

[Event "CZE-chT U18 0506"]
[Site "Czech Republic"]
[Date "2006.??.??"]
[Round "?"]
[White "Simek, Jan"]
[Black "Horsak, Jan"]
[Result "1/2-1/2"]
[WhiteElo "1928"]
[BlackElo "2095"]
[PlyCount "44"]
[EventDate "2005.10.08"]
[EventType "team"]
[EventRounds "11"]
[EventCountry "CZE"]
[SourceTitle "EXT 2009"]
[Source "ChessBase"]
[SourceDate "2008.11.26"]
[SourceVersion "1"]
[SourceVersionDate "2008.11.26"]
[SourceQuality "1"]
[WhiteTeam "Ceska Trebova"]
[BlackTeam "Stare Mesto"]
[WhiteTeamCountry "CZE"]
[BlackTeamCountry "CZE"]

1. e4 g6 2. d4 d6 3. Nc3 Bg7 4. Be3 Nf6 5. Qd2 Nbd7 6. Bh6 Bxh6 7. Qxh6 c5 8. Nf3 Qb6 9. 0-0-0 cxd4 10. Nxd4 Nc5 11. Bb5+ Bd7 12. Bxd7+ Ncxd7 13. Rhe1 0-0-0 14. f4 e5 15. Ndb5 Nc5 16. Qg7 Nfxe4 17. Nxe4 Nxe4 18. Rxe4 Qxb5 19. Qxf7 Kb8 20. Qd5 Qxd5 21. Rxd5 exf4 22. Rxf4 Rd7 1/2-1/2

[Event "Bratislava Doprastav op"]
[Site "Bratislava"]
[Date "2005.06.27"]
[Round "4"]
[White "Kevicka, Lucia"]
[Black "Simek, Jan"]
[Result "0-1"]
[WhiteElo "1350"]
[BlackElo "1868"]
[PlyCount "44"]
[EventDate "2005.06.25"]
[EventType "swiss"]
[EventRounds "9"]
[EventCountry "SVK"]
[SourceTitle "EXT 2006"]
[Source "ChessBase"]
[SourceDate "2005.11.24"]
[SourceVersion "1"]
[SourceVersionDate "2005.11.24"]
[SourceQuality "1"]

1. d4 d5 2. Nf3 Nf6 3. Bg5 e6 4. e3 Be7 5. c4 0-0 6. Be2 h6 7. Bh4 a6 8. c5 Nc6 9. 0-0 b6 10. cxb6 cxb6 11. a4 Bb7 12. Bd3 Rc8 13. Ne5 Nxe5 14. dxe5 Ne4 15. Bxe7 Qxe7 16. Bxe4 dxe4 17. Nc3 Rfd8 18. Qb3 Qc7 19. Rfc1 Bd5 20. Nxd5 Qxc1+ 21. Rxc1 Rxc1+ 22. Qd1 Rxd1# 0-1

[Event "Bratislava Doprastav op"]
[Site "Bratislava"]
[Date "2005.06.26"]
[Round "3"]
[White "Simek, Jan"]
[Black "Hudakova, Hana"]
[Result "1-0"]
[WhiteElo "1868"]
[BlackElo "1670"]
[PlyCount "95"]
[EventDate "2005.06.25"]
[EventType "swiss"]
[EventRounds "9"]
[EventCountry "SVK"]
[SourceTitle "EXT 2006"]
[Source "ChessBase"]
[SourceDate "2005.11.24"]
[SourceVersion "1"]
[SourceVersionDate "2005.11.24"]
[SourceQuality "1"]

1. e4 c5 2. Nf3 d6 3. d4 cxd4 4. Nxd4 Nf6 5. Nc3 a6 6. Be2 e6 7. Bg5 Be7 8. Qd2 Qc7 9. 0-0 Nc6 10. Rad1 Ne5 11. Nf3 Ned7 12. h3 b5 13. a3 Bb7 14. Bd3 Rd8 15. Rfe1 Nc5 16. b4 Ncd7 17. Bf4 h6 18. Bg3 Bc6 19. Nd4 Bb7 20. Kh1 Nh5 21. Bh2 Bg5 22. f4 Bxf4 23. Bxf4 Nxf4 24. Ndxb5 axb5 25. Nxb5 Qc6 26. Qxf4 Nf6 27. Nd4 Qc3 28. Bb5+ Ke7 29. e5 dxe5 30. Qxe5 Qxh3+ 31. Qh2 Qxh2+ 32. Kxh2 Rd5 33. c4 Rh5+ 34. Kg1 Rg5 35. Nc6+ Kf8 36. Rd8+ Ne8 37. Red1 g6 38. Rxe8+ Kg7 39. Rxh8 Kxh8 40. Rd7 Bxc6 41. Bxc6 Kg7 42. b5 Rc5 43. Rd4 f5 44. a4 e5 45. Rd5 Rxc4 46. Rxe5 Rxa4 47. b6 Rb4 48. Rb5 1-0

[Event "CZE-ch U16"]
[Site "Volyne"]
[Date "2003.??.??"]
[Round "?"]
[White "Rychna, Lukas"]
[Black "Simek, Jan"]
[Result "0-1"]
[WhiteElo "1661"]
[BlackElo "1415"]
[PlyCount "146"]
[EventDate "2003.??.??"]
[EventType "swiss"]
[EventRounds "9"]
[EventCountry "CZE"]
[SourceTitle "EXT 2005"]
[Source "ChessBase"]
[SourceDate "2004.11.15"]
[SourceVersion "1"]
[SourceVersionDate "2004.11.15"]
[SourceQuality "1"]

1. e4 c5 2. Nf3 e6 3. d4 cxd4 4. Nxd4 a6 5. Bd3 Bc5 6. Nb3 Ba7 7. 0-0 d6 8. Nc3 Nf6 9. Bg5 Nbd7 10. Kh1 b5 11. a3 Bb7 12. f4 Qc7 13. Qe2 0-0 14. Rae1 e5 15. Qf3 Rfe8 16. f5 Bb6 17. Qg3 Kh8 18. Qh4 d5 19. Rf3 dxe4 20. Nxe4 Nxe4 21. Bxe4 Bxe4 22. Qxe4 f6 23. Be3 Rad8 24. Rh3 Bxe3 25. Rhxe3 Nc5 26. Nxc5 Qxc5 27. Rd3 Kg8 28. Rxd8 Rxd8 29. h3 Qd5 30. Qe3 Qd4 31. Qb3+ Qd5 32. Qe3 Qd2 33. Qb3+ Kf8 34. Re3 h5 35. Kg1 Qd1+ 36. Kh2 Qd5 37. Qb4+ Qd6 38. Qh4 Qd4 39. Re4 Qd5 40. Re3 Qf7 41. c3 Rd2 42. b3 Qd5 43. Rg3 Rd3 44. Qb4+ Kf7 45. Qa5 Rxg3 46. Kxg3 Qd6 47. c4 e4+ 48. Kf2 Qd4+ 49. Ke2 Qd3+ 50. Ke1 Qg3+ 51. Kd1 Qxb3+ 52. Kc1 Qxc4+ 53. Kd1 Qd3+ 54. Ke1 e3 55. Qc7+ Kg8 56. Qc8+ Kh7 57. Qc1 Qd2+ 58. Qxd2 exd2+ 59. Kxd2 g6 60. Kc3 a5 61. Kd4 gxf5 62. Kc5 b4 63. axb4 axb4 64. Kxb4 Kg6 65. Kc5 Kg5 66. Kd5 h4 67. Ke6 f4 68. Kd5 f3 69. gxf3 Kf4 70. Ke6 Kxf3 71. Kxf6 Kg3 72. Kf5 Kxh3 73. Kf4 Kg2 0-1